000 01062nam a2200277Ia 4500
008 160319s9999 xx 000 0 und d
245 4 _aThe greatest story ever told /
245 _cMetro Goldwyn Mayer ; George Stevens ; released through United Artists ; screenplay by James Lee Barrett, George Stevens ; produced and directed by George Stevens
260 _aSanta Monica, Calif. :
260 _bMetro-Goldwyn-Mayer-Studios.
260 _c1965
300 _a1 videodisc (199 min.) :
300 _bsound, color, stereo. ;
300 _c4 3/4 in.
500 _a"Based on the books of the Old and New Testaments, other ancient writings, the book The greatest story ever told, by Fulton Oursler, and writings by Henry Denker."
650 _aBible. --
650 _aBible. -- Gospels --
650 _aDenker, Henry --
650 _aJesus Christ --
650 _aOursler, Fulton, -- 1893-1952 --
650 _xDrama.
650 _xFilm adaptations.
650 _xFilm adaptations.
650 _xFilm adaptations.
650 _xGospels.
999 _c292637
_d292637